<?xml version="1.0" encoding="UTF-8"?>
<collection xmlns="http://www.loc.gov/MARC21/slim">
<record>
  <controlfield tag="001">240703</controlfield>
  <controlfield tag="005">20210922173126.0</controlfield>
  <datafield tag="024" ind1="7" ind2=" ">
    <subfield code="2">BMWi</subfield>
    <subfield code="a">G:(BMWi)03EI1004F</subfield>
    <subfield code="d">03EI1004F</subfield>
  </datafield>
  <datafield tag="024" ind1="7" ind2=" ">
    <subfield code="2">Dimensions</subfield>
    <subfield code="a">G:(Dimensions)grant.8660727</subfield>
    <subfield code="d">grant.8660727</subfield>
  </datafield>
  <datafield tag="035" ind1=" " ind2=" ">
    <subfield code="a">G:(BMWi)03EI1004F</subfield>
  </datafield>
  <datafield tag="150" ind1=" " ind2=" ">
    <subfield code="a">Verbundvorhaben: UNSEEN ' Bewertung der Unsicherheiten in linear optimierenden Energiesystem-Modellen unter Zuhilfenahme Neuronaler Netze, Teilvorhaben: Entwicklung einer integrierten HPC-Workflow Umgebung zur Kopplung von Optimierungsmethoden mit Methode</subfield>
    <subfield code="y">2019-10-01 - 2022-09-30</subfield>
  </datafield>
  <datafield tag="510" ind1="1" ind2=" ">
    <subfield code="0">I:(DE-588b)1045949302 </subfield>
    <subfield code="a">Federal Ministry for Economic Affairs and Energy</subfield>
    <subfield code="b">BMWi</subfield>
  </datafield>
  <datafield tag="680" ind1=" " ind2=" ">
    <subfield code="a">Im Verbund mit Partnern aus der Energiesystemmodellierung sowie der mathematischen Optimierung wird ein Verfahren entwickelt, dass die Methoden der klassischen mathematischen Optimierung mit modernen Methoden des Maschinellen Lernens auf High-Performance-</subfield>
  </datafield>
  <datafield tag="909" ind1="C" ind2="O">
    <subfield code="o">oai:juser.fz-juelich.de:896558</subfield>
    <subfield code="p">authority:GRANT</subfield>
    <subfield code="p">authority</subfield>
  </datafield>
  <datafield tag="980" ind1=" " ind2=" ">
    <subfield code="a">G</subfield>
  </datafield>
  <datafield tag="980" ind1=" " ind2=" ">
    <subfield code="a">AUTHORITY</subfield>
  </datafield>
  <datafield tag="909" ind1="C" ind2="O">
    <subfield code="o">oai:juser.fz-juelich.de:896558</subfield>
  </datafield>
</record>
</collection>